| 000 | 00538nam a22001817a 4500 | ||
|---|---|---|---|
| 005 | 20130911165202.0 | ||
| 010 | _aENG-108272 | ||
| 020 |
_c300.00 _a9789382359531 |
||
| 035 | _aEN-91805 | ||
| 037 | _bDBAD/PUB | ||
| 082 | _a324.60954 | ||
| 100 | _aRaj, M.C. | ||
| 245 |
_aElectoral systems : _cby M.C. Raj _bproportional representation system for India / |
||
| 260 |
_aBanglore _bGreen Ink _c2013 |
||
| 300 |
_a235p. _c22cm(pbk) |
||
| 500 | _aIncludes bibliographical references | ||
| 942 |
_2ddc _cEN _mRAJ _h324.60954 |
||
| 999 |
_c78342 _d78342 |
||